00843 2200253 4500001002100000005001500021035002000036007000300056008004100059020001800100082001000118084002000128084002000148084002000168100001700188245013200205260005300337300003000390500010600420650002400526990001300550990001300563990001300576INLIS00000000000929620230623014156 a0010-0623000090ta230623 e 0 ind  a9786026181640 a306.4 a306.4 EKO m C.1 a306.4 EKO m C.2 a306.4 EKO m C.30 aEko Widianto1 aMerawat Tradisi dan Kearifan Budaya :bnarasi kisah-kisah nyata seputar seni budaya, tradisi lokal, dan sejarah /cEko Widianto aJawa Timur :bKelompok Intrans Publishing,c2018 a164 hlm. ;c15.5 x 23 cm. aupaya untuk terus melestarikan buddaya dan sejarah yang besar itu hingga kini masih terus digaungkan. 4aTradisi, kebudayaan a023.3304 a023.3303 a023.3305